000 00508nam a2200181Ia 4500
005 20250326123546.0
008 250326s9999 xx 000 0 und d
037 _aTextbook
040 _aFMSL
_beng
_cFMSL
041 _aeng
_2eng
084 _aB2893 K7;8
_qFMSL
100 _aChurchman C W
_9735468
245 0 _aOperations research
_cChurchman C W; Ackoff R L And Others
260 _aNY
_bNY, John Wiley
_c1957
300 _a282p
942 _cTB
_hB2893 K7;8
999 _c1269915
_d1269915